International convention for safe containers,1972 (SCS)
Αποθηκεύτηκε σε:
| Συγγραφή απο Οργανισμό/Αρχή: | |
|---|---|
| Μορφή: | Βιβλίο |
| Γλώσσα: | English |
| Δημοσίευση: |
London :
International Maritime Organization,
1996
|
| Έκδοση: | 4th ed. |
| Θέματα: | |
| Ετικέτες: |
Προσθήκη ετικέτας
Δεν υπάρχουν, Καταχωρήστε ετικέτα πρώτοι!
|
MARC
| LEADER | 00000nam a2200000 i 4500 | ||
|---|---|---|---|
| 001 | 1/66597 | ||
| 008 | 980910s1996 eng d | ||
| 020 | |a 9280114115 | ||
| 035 | |l 10029848 | ||
| 040 | |a GR-MY-UA |b gre |e aacr | ||
| 041 | 0 | |a eng | |
| 082 | 0 | |a 341.756 | |
| 110 | 2 | |a International Maritime Organization. | |
| 245 | 1 | 0 | |a International convention for safe containers,1972 (SCS) |
| 250 | |a 4th ed. | ||
| 260 | |a London : |b International Maritime Organization, |c 1996 | ||
| 300 | |a 49 σ. | ||
| 650 | 0 | 0 | |a Containers |x Law and legislation. |
| 852 | |a INST |b CHIOS |e 19980910 |h 341.756 ΙΝΤ |p 005200015648 |q 005200015648 |t BK |y 0 | ||
| 901 | |a BIBL-1998-3 | ||
| 909 | |a Χ |b 054809 | ||
| 922 | |a 2ΕΛΗ |b 199809 |c ΤΝΕΥ |d ΜΑΝΤΑΡΑΚΗΣ | ||